[Event "FSGM March"]
[Site "Budapest HUN"]
[Date "2004.03.11"]
[Round "6"]
[White "Flumbort,A"]
[Black "Seres,L"]
[Result "1/2-1/2"]
[WhiteElo "2481"]
[BlackElo "2496"]

1.d4 f5 2.c4 Nf6 3.g3 g6 4.Bg2 Bg7 5.Nf3 O-O 6.O-O d6 7.Nc3 c6 8.Rb1 Na6
9.b4 Kh8 10.b5 cxb5 11.cxb5 Nc7 12.d5 Nd7 13.Bb2 Nc5 14.e3 Bd7 15.a4 Ne8
16.Nd4 Nf6 17.Nce2 Qa5 18.Ra1 Rfc8 19.Bc3  1/2-1/2

[Event "FSGM March"]
[Site "Budapest HUN"]
[Date "2004.03.18"]
[Round "13"]
[White "Szeberenyi,A"]
[Black "Hoang Thanh Trang"]
[Result "1/2-1/2"]
[WhiteElo "2450"]
[BlackElo "2447"]

1.d4 f5 2.g3 Nf6 3.Bg2 g6 4.Nf3 Bg7 5.O-O O-O 6.c4 d6 7.Nc3 Qe8 8.b3 c6 9.Ba3 Na6
10.e3 Rb8 11.Ne1 Nc7 12.Nd3 b5 13.cxb5 cxb5 14.Rc1 Be6 15.Ne2 Ncd5 16.Nb4 a5
17.Nxd5 Nxd5 18.Nf4 Nxf4 19.exf4 b4 20.Bb2 Bf6 21.Qe2  1/2-1/2

[Event "TCh-FRA Nat1 GpB"]
[Site "Montpellier FRA"]
[Date "2004.04.02"]
[Round "5"]
[White "Templier,N"]
[Black "Santo Roman,M"]
[Result "1/2-1/2"]
[WhiteElo "2281"]
[BlackElo "2394"]

1.d4 f5 2.c4 Nf6 3.g3 g6 4.Bg2 Bg7 5.Nf3 O-O 6.O-O d6 7.Nc3 Qe8 8.d5 a5 9.Rb1 Na6
10.b3 h6 11.Bb2 g5 12.e3 Bd7 13.Nd4 Qg6 14.Nce2 Rfc8 15.Ba1 c5 16.Nf3 b5
17.a3 Rcb8 18.Nd2 Ra7 19.Qc2 Rab7 20.Qd3 a4 21.bxa4 b4 22.a5 Ng4 23.Bxg7 Qxg7
24.f4 bxa3 25.Qxa3 Rb2 26.Rbd1 Nb4 27.Rf3 Ra2 28.Qc1 Nd3 29.Qc3 Qxc3 30.Nxc3 Rxa5
31.e4 fxe4 32.Ncxe4 Nb2 33.Rb1 gxf4 34.Rb3 Rxb3 35.Nxb3 Ra4 36.Rxb2 fxg3
37.Nxg3 Rxc4 38.h3 Ne5 39.Na5 Rc1+ 40.Kh2 c4 41.Ne2 Re1 42.Nc6 Nd3 43.Rb8+ Kf7
44.Bf3 c3 45.Nxc3 Re3 46.Bh5+ Kg7 47.Bg4 Bxg4 48.hxg4 Nf4 49.Nb5  1/2-1/2

[Event "TCh-FRA Nat1 GpB"]
[Site "Montpellier FRA"]
[Date "2004.04.04"]
[Round "7"]
[White "Collas,D"]
[Black "Santo Roman,M"]
[Result "1/2-1/2"]
[WhiteElo "2436"]
[BlackElo "2394"]

1.Nf3 f5 2.c4 Nf6 3.g3 g6 4.Bg2 Bg7 5.O-O O-O 6.d4 d6 7.Nc3 Qe8 8.d5 a5 9.Be3 Na6
10.Qd2 Ng4 11.Bf4 Nc5 12.Nb5 Qd8 13.Nfd4 Bd7 14.Rac1 Re8 15.b3 Nf6 16.Nc3 Rc8
17.Bh6 Bh8 18.Bg5 c6 19.Bxf6 Bxf6 20.e4 fxe4 21.Nxe4 Nxe4 22.Bxe4 c5 23.Ne2 b5  1/2-1/2

[Event "Open ch-NOR"]
[Site "Oslo NOR"]
[Date "2004.04.04"]
[Round "2"]
[White "Hole,O"]
[Black "Vea,O"]
[Result "1-0"]
[WhiteElo "2300"]
[BlackElo "2031"]

1.Nf3 f5 2.c4 Nf6 3.g3 g6 4.Bg2 Bg7 5.O-O O-O 6.d4 d6 7.Nc3 Nc6 8.d5 Ne5
9.Qb3 Nxf3+ 10.Bxf3 Nd7 11.Be3 h6 12.Bg2 g5 13.f4 Nc5 14.Bxc5 dxc5 15.Rae1 a6
16.Qc2 Rb8 17.e4 e5 18.fxe5 f4 19.gxf4 gxf4 20.e6 Be5 21.Rf3 b5 22.cxb5 axb5
23.Kh1 Qf6 24.Ne2 Qe7 25.Ref1 Qd6 26.Qc1 Ra8 27.Nxf4 Rf6 28.Nd3 Rxf3 29.Rxf3 Rxa2
30.Qxh6 Bg7 31.Qg6 Ra1+ 32.Bf1 Bxe6 33.dxe6 Rxf1+ 34.Rxf1 Qxd3 35.Rf8+  1-0

[Event "Open ch-NOR"]
[Site "Oslo NOR"]
[Date "2004.04.04"]
[Round "2"]
[White "Brynell,S"]
[Black "Andersen,A"]
[Result "1-0"]
[WhiteElo "2458"]
[BlackElo "2181"]

1.d4 f5 2.g3 Nf6 3.Bg2 g6 4.Nf3 Bg7 5.O-O O-O 6.c4 d6 7.Nc3 Qe8 8.Re1 Qf7
9.b3 h6 10.e4 Nxe4 11.Nxe4 fxe4 12.Rxe4 Nc6 13.Bb2 Bf5 14.Re3 g5 15.Qd2 e6
16.d5 Bxb2 17.Qxb2 exd5 18.Nxg5 Qf6 19.Bxd5+ Kg7 20.Qxf6+ Rxf6 21.Nf3 Raf8
22.Nh4 Bd7 23.f4 Re8 24.Rxe8 Bxe8 25.Re1 Kf8 26.Nf3 Nd8 27.Nd4 Bd7 28.Kf2 c6
29.Bf3 Rf7 30.Re3 Rf6 31.Bh5 a5 32.Re1 Ne6 33.Nxe6+ Rxe6 34.Rxe6 Bxe6 35.Ke3 Ke7
36.Bf3 a4 37.Kd3 axb3 38.axb3 Bc8 39.g4 c5 40.h4 Bd7 41.g5 hxg5 42.fxg5 b6
43.h5 Kf7 44.Bd5+ Kg7 45.h6+  1-0

[Event "Open ch-NOR"]
[Site "Oslo NOR"]
[Date "2004.04.10"]
[Round "8"]
[White "Hole,O"]
[Black "Stenersen,G"]
[Result "1-0"]
[WhiteElo "2300"]
[BlackElo "2172"]

1.Nf3 f5 2.c4 Nf6 3.g3 g6 4.Bg2 Bg7 5.O-O O-O 6.d4 d6 7.Nc3 Nc6 8.d5 Ne5
9.Qb3 Nfd7 10.Be3 b6 11.Nxe5 Bxe5 12.f4 Bg7 13.Rad1 a5 14.Bd4 Nc5 15.Qc2 Bxd4+
16.Rxd4 Bb7 17.e4 e5 18.dxe6 Qf6 19.Rdd1 Qxe6 20.exf5 Qxf5 21.Qxf5 Rxf5 22.Nd5 Rf7
23.Rfe1 Kf8 24.Re3 Re8 25.Rde1 Rxe3 26.Rxe3 Bxd5 27.cxd5 Re7 28.Kf2 Rxe3
29.Kxe3 Na4 30.b3 Nc3 31.a4 Ke7 32.g4 Kf6 33.g5+ Kf7 34.Bf3 Kg7 35.h4 Na2
36.f5 Nb4 37.Ke4 Na6 38.f6+ Kf7 39.Kd4 Nc5 40.Bd1 Na6 41.Bc2 Nb8 42.Kc4 Nd7
43.Kb5 Ne5 44.Be4 Ke8 45.Ka6 Kd8 46.Kb7 Nf7 47.Bg2 Ne5 48.Bh3 Nd3 49.f7 Nc5+
50.Kc6 Ke7 51.Kxc7 Nxb3 52.Kxb6 Kxf7 53.Bg4 Ke7 54.Bd1 Nd4 55.Kxa5 Nf5 56.Kb6 Nxh4
57.a5 Nf5 58.a6 Ne3 59.Bb3  1-0

[Event "It"]
[Site "Indjija SCG"]
[Date "2004.04.17"]
[Round "7"]
[White "Gralka,J"]
[Black "Grunberg,M"]
[Result "0-1"]
[WhiteElo "2289"]
[BlackElo "2401"]

1.d4 f5 2.c4 Nf6 3.Nf3 g6 4.g3 Bg7 5.Bg2 O-O 6.O-O c6 7.Nc3 d6 8.d5 Bd7 9.Rb1 a5
10.b3 Na6 11.Bb2 Nc5 12.Nd4 Qb6 13.Ba1 Qa6 14.a3 Rac8 15.b4 axb4 16.axb4 Nce4
17.Nxe4 fxe4 18.dxc6 bxc6 19.Qb3 Qb7 20.c5+ d5 21.Nc2 Qc7 22.Bxf6 Rxf6 23.Bxe4 Kh8
24.Bg2 e5 25.e4 d4 26.Ne1 Be6 27.Qc2 Ra8 28.Nd3 Ra2 29.Qc1 Rf8 30.Ra1 Rxa1
31.Qxa1 Bc4 32.Rd1 Qb7 33.Bf1 Bxd3 34.Bxd3 Qxb4 35.Qc1 Ra8 36.h4 h6 37.Qc2 Bf8
38.Qe2 Qxc5 39.Qg4 Qd6 40.h5 gxh5 41.Qxh5 Qf6 42.Qe2 Bb4 43.Kg2 c5 44.Rh1 Rf8
45.Rh5 Qg7 46.Bc4 Ba5 47.Bd5 Bd8 48.Bc4 Bg5 49.Rh1 Rb8 50.Ra1 Qb7 51.Ra6 Rf8
52.Re6 Bf6 53.Bd5 Qg7 54.Rc6 Be7 55.Qh5 Rf6 56.Rc8+ Bf8 57.Qe2 Qg5 58.Bc4 h5
59.Be6  0-1

[Event "6th Open"]
[Site "Dubai UAE"]
[Date "2004.04.22"]
[Round "4"]
[White "Saleh,Nab"]
[Black "Safin,S"]
[Result "0-1"]
[WhiteElo "2349"]
[BlackElo "2499"]

1.d4 g6 2.Nf3 Bg7 3.c4 f5 4.g3 Nf6 5.Bg2 O-O 6.O-O d6 7.Nc3 Qe8 8.d5 Na6
9.Nd4 Bd7 10.e4 fxe4 11.Nxe4 Nxe4 12.Bxe4 c5 13.Ne6 Bxe6 14.dxe6 Rb8 15.Rb1 b5
16.h4 bxc4 17.h5 gxh5 18.a3 Nc7 19.Qc2 Kh8 20.Bxh7 Nxe6 21.Be3 Nd4 22.Bxd4 Bxd4
23.Bg6 Qd7 24.Kg2 Rf6 25.f3 Kg7 26.Bxh5 Qf5 27.Qxf5 Rxf5 28.Bg4 Re5 29.f4 Re3  0-1

[Event "Masters"]
[Site "Victoria AUS"]
[Date "2004.04.28"]
[Round "6"]
[White "Lukey,S"]
[Black "West,G"]
[Result "0-1"]
[WhiteElo "2281"]
[BlackElo "2362"]

1.d4 f5 2.Nf3 Nf6 3.g3 g6 4.Bg2 Bg7 5.O-O O-O 6.c4 d6 7.Nc3 Nc6 8.Be3 e5
9.dxe5 dxe5 10.Bc5 Re8 11.Qc2 e4 12.Rad1 Bd7 13.Nd4 Ne5 14.f3 exf3 15.exf3 c6
16.b3 Qa5 17.Bd6 Nf7 18.b4 Qd8 19.Bc5 Qc7 20.Nb3 Rad8 21.Ne2 Bc8 22.Bd4 Nh5
23.Bxg7 Nxg7 24.c5 Qe5 25.Nf4 Qf6 26.Rfe1 g5 27.Rxe8+ Rxe8 28.Nd3 f4 29.Qb2 Qxb2
30.Nxb2 fxg3 31.hxg3 Be6 32.Kf2 Bd5 33.Nd3 Nf5 34.Bh3 N7h6 35.Ne1 Kf7 36.Ng2 Kf6
37.Rd2 Re7 38.Nc1 Kg7 39.a3 Rf7 40.Bxf5 Rxf5 41.Ne1 Ng4+ 42.Ke2 Ne5 43.f4 gxf4
44.gxf4 Rxf4 45.Ncd3 Re4+ 46.Kf2 Kf6 47.Nxe5 Kxe5 48.Nd3+ Kf5 49.Kg3 Kg5
50.Nf2 Re3+ 51.Kh2 Rxa3 52.Nh3+ Kf5 53.Rd4 Ke5 54.Rd2 Rb3 55.Ng5 Rxb4 56.Kg3 h6
57.Nh7 Rb3+ 58.Kg4 Be6+ 59.Kh5 Rh3+ 60.Kg6 Bf5+ 61.Kg7 Rg3+ 62.Kh8 Bxh7 63.Rd7 Be4
64.Rxb7 Bd5 65.Rxa7 h5 66.Ra4 Rg4 67.Re4+ Kxe4  0-1

[Event "9th Ivan Cvitanovic Mem"]
[Site "Split CRO"]
[Date "2004.05.04"]
[Round "4"]
[White "Saric,A"]
[Black "Zelic,Ml"]
[Result "1-0"]
[WhiteElo "2393"]
[BlackElo "2316"]

1.Nf3 f5 2.g3 Nf6 3.Bg2 g6 4.O-O Bg7 5.d4 O-O 6.c4 d6 7.Nc3 Qe8 8.d5 c5 9.Re1 Na6
10.h3 Nc7 11.a4 h6 12.Ra3 g5 13.e4 fxe4 14.Nxe4 Nxe4 15.Rxe4 Bf5 16.Re1 Qf7
17.Qe2 e5 18.dxe6 Bxe6 19.Bxg5 Rae8 20.Bf4 Bxc4 21.Qd2 Rxe1+ 22.Nxe1 Ne6
23.Be3 Qf5 24.b3 Ba6 25.b4 b6 26.a5 b5 27.Qxd6 cxb4 28.Qxb4 Rd8 29.Qb3 Kh8
30.Nf3 Nc5 31.Nh4 Qh5 32.Bxc5 Qxc5 33.Ng6+ Kh7 34.Be4 Qc4 35.Qb1 Rd1+ 36.Qxd1 Qxe4
37.Nf4 b4 38.Rb3 Bb7 39.f3 Qc4 40.Qd3+ Qxd3 41.Nxd3 Bxf3 42.Nxb4 Bd4+ 43.Kh2 Be4
44.a6 Bb6 45.Rb2 Bf3 46.Nd3  1-0

[Event "22nd LIE-Open"]
[Site "Triesen LIE"]
[Date "2004.05.15"]
[Round "2"]
[White "Brestian,E"]
[Black "Buergi,O"]
[Result "1-0"]
[WhiteElo "2431"]
[BlackElo "2187"]

1.Nf3 f5 2.d4 g6 3.g3 Nf6 4.Bg2 Bg7 5.O-O O-O 6.c4 d6 7.Nc3 c6 8.b3 Qe8 9.Ba3 Na6
10.Rc1 Nc7 11.Qd3 Bd7 12.Rce1 b5 13.e4 a5 14.e5 dxe5 15.dxe5 Ng4 16.h3 Nh6
17.Bc1 Rd8 18.Rd1 Nf7 19.Qe2 Ne6 20.Rfe1 b4 21.Na4 c5 22.Nb6 Bc6 23.Nd5 Nd4
24.Nxd4 cxd4 25.e6 Bxd5 26.Bxd5 Nd6 27.Bb2 Nb5 28.Qf3 Rxd5 29.Qxd5 Nc3 30.Bxc3 bxc3
31.Rxd4 Bxd4 32.Qxd4 c2 33.Qd2 f4 34.Qxc2 fxg3 35.fxg3 Qc6 36.Qe4 Qc5+ 37.Qe3 Qc6
38.Qe4 Qc5+ 39.Qe3 Qc6 40.Rf1 Rxf1+ 41.Kxf1 Qh1+ 42.Ke2 Qxh3 43.Kd3 Qf1+
44.Ke4 Qf5+ 45.Kd4 Qf8 46.c5 Qd8+ 47.Kc4 Qa8 48.Kb5 Qb7+ 49.Kxa5 Qa7+ 50.Kb4 Qxa2
51.c6 Qc2 52.Kb5 Qf5+ 53.Qc5 Qf3 54.Qc4 Kg7 55.Kb6 Qxg3 56.c7 Qe3+ 57.Ka6  1-0

[Event "Capablanca Mem Premier II"]
[Site "Havana CUB"]
[Date "2004.05.17"]
[Round "11"]
[White "Perea,O"]
[Black "Almeida,O"]
[Result "1/2-1/2"]
[WhiteElo "2392"]
[BlackElo "2426"]

1.d4 f5 2.c4 Nf6 3.Nf3 g6 4.g3 Bg7 5.Bg2 O-O 6.O-O d6 7.Nc3 Nc6 8.d5 Ne5
9.Nxe5 dxe5 10.c5 h6 11.Qb3 Kh8 12.Rd1 g5 13.Bd2 a6 14.Na4 e4 15.Ba5 f4 16.d6 exd6
17.cxd6 Qe8 18.dxc7 Be6 19.Qa3 e3 20.f3 Qb5 21.Nc3 Qe5 22.Rd8 Rc8 23.Rad1 Kh7
24.gxf4 gxf4 25.Rxc8 Rxc8 26.Qe7 Qxa5 27.Qxe6 Qxc7 28.Bh3 Re8  1/2-1/2

[Event "22nd LIE-Open"]
[Site "Triesen LIE"]
[Date "2004.05.18"]
[Round "5"]
[White "Muir,A"]
[Black "Roettinger,E"]
[Result "1-0"]
[WhiteElo "2335"]
[BlackElo "2107"]

1.c4 f5 2.d4 Nf6 3.Nf3 g6 4.g3 Bg7 5.Bg2 O-O 6.O-O d6 7.Nc3 c6 8.Re1 Ne4
9.Nxe4 fxe4 10.Ng5 d5 11.Be3 h6 12.Nh3 g5 13.f3 dxc4 14.fxe4 e5 15.d5 Qd6
16.Nf2 Nd7 17.dxc6 Qxc6 18.Qd5+ Qxd5 19.exd5 Nf6 20.Rac1 e4 21.Rxc4 Nxd5
22.Bd4 Be6 23.Bxg7 e3 24.Bxf8 exf2+ 25.Kxf2 Rxf8+ 26.Kg1 Ne3 27.Rc3 Nxg2
28.Kxg2 Bxa2 29.Rd1 Be6 30.Rc7 Rf7 31.Rd8+ Kg7 32.Rxf7+ Kxf7 33.Kf3 Kf6 34.Ke4 h5
35.Rh8 a5 36.Rh6+  1-0

[Event "22nd LIE-Open"]
[Site "Triesen LIE"]
[Date "2004.05.19"]
[Round "6"]
[White "Lorscheid,G"]
[Black "Mijatovic,V"]
[Result "1-0"]
[WhiteElo "2272"]
[BlackElo "2129"]

1.d4 f5 2.g3 Nf6 3.Bg2 g6 4.Nf3 Bg7 5.O-O O-O 6.c4 d6 7.Nc3 Qe8 8.d5 a5 9.Be3 h6
10.h4 Ng4 11.Bf4 Na6 12.Qd2 Nc5 13.Nh2 Nxh2 14.Kxh2 Kh7 15.Nb5 Qd8 16.Nd4 e5
17.dxe6 Bxe6 18.Bxb7 Bxc4 19.Bxa8 Qxa8 20.Rac1 Bxa2 21.b3 Nxb3 22.Nxb3 Bxb3
23.Rxc7 Rf7 24.Rxf7 Bxf7 25.Bxd6 Qe4 26.f3 Qe6 27.Rc1 a4 28.Rc7 f4 29.gxf4 Qf5
30.Kg2 Be6 31.Qd4 Bd7 32.Be5 Qh3+ 33.Kf2 Qh2+ 34.Ke1  1-0

[Event "ch-VSF"]
[Site "Bilzen BEL"]
[Date "2004.05.22"]
[Round "3"]
[White "Lavrenov,Y"]
[Black "Hovhanisian,M"]
[Result "0-1"]
[WhiteElo "2147"]
[BlackElo "2304"]

1.Nf3 f5 2.g3 Nf6 3.Bg2 g6 4.O-O Bg7 5.d4 O-O 6.c4 d6 7.Nc3 Qe8 8.b3 e5 9.dxe5 dxe5
10.e4 fxe4 11.Nxe4 Nc6 12.Nxf6+ Rxf6 13.Ng5 h6 14.Ne4 Rf7 15.Bb2 Qf8 16.Qe2 Bf5
17.Rad1 Re8 18.Rfe1 Kh8 19.Nd2 Qe7 20.Be4 Qc5 21.Kg2 Nd4 22.Bxd4 exd4 23.Qd3 Rfe7
24.f3 Qa5 25.a4 Qc3 26.Nf1 Qxd3 27.Rxd3 Bxe4 28.fxe4 Rxe4 29.Rxe4 Rxe4 30.Kf2 c5
31.Rd2 Re6 32.Rd3 Kg8 33.Nd2 Kf7 34.Nf3 Ke7 35.Nd2 Kd6 36.Rf3 h5 37.Rd3 Bh6
38.Nf3 Kc6 39.Ne1 Be3+ 40.Kg2 Rf6 41.Nf3 Kd6 42.h3 g5 43.g4 h4 44.Rd1 Kc7
45.a5 Ra6 46.Ra1 Rf6 47.Rd1 b6 48.a6 b5 49.cxb5 Kb6 50.Rf1 Kxb5 51.Ne5 Rxa6
52.Rf7 Ra2+ 53.Kf3 Rf2+ 54.Ke4 Rxf7 55.Nxf7 Kb4  0-1

[Event "TCh-NOR Final"]
[Site "Trondheim NOR"]
[Date "2004.05.23"]
[Round "5"]
[White "Lahlum,H"]
[Black "Fossum,Oy"]
[Result "1/2-1/2"]
[WhiteElo "2244"]
[BlackElo "2195"]

1.d4 f5 2.c4 Nf6 3.Nf3 g6 4.g3 Bg7 5.Bg2 O-O 6.O-O d6 7.Nc3 c6 8.Rb1 Qe8
9.d5 c5 10.a3 Na6 11.b4 cxb4 12.axb4 Bd7 13.Be3 h6  1/2-1/2

[Event "3rd ACP Blitz Prelim4"]
[Site "playchess.com INT"]
[Date "2004.06.03"]
[Round "9"]
[White "Harika,D"]
[Black "Berg,E"]
[Result "0-1"]
[WhiteElo "2368"]
[BlackElo "2495"]

1.d4 f5 2.Nf3 Nf6 3.g3 g6 4.Bg2 Bg7 5.O-O O-O 6.c4 d6 7.Nc3 Qe8 8.d5 Na6
9.Nd4 Bd7 10.Rb1 c5 11.dxc6 bxc6 12.b4 Rb8 13.a3 Nc7 14.Bb2 Ng4 15.Nb3 Ne5
16.c5 d5 17.e3 Nc4 18.Qc2 Nxb2 19.Rxb2 e5 20.Rbb1 Be6 21.Rbd1 Qf7 22.f4 d4
23.Nxd4 exd4 24.exd4 Nd5 25.Nxd5 Bxd5 26.Rd2 a5 27.bxa5 Rb5 28.a6 Ra8 29.Qa4 Bxg2
30.Kxg2 Qd5+ 31.Kg1 Qb3 32.Qxb3+ Rxb3 33.d5 cxd5 34.Rxd5 Rxa3 35.Re1 R3xa6
36.Re7 R6a7 37.Rdd7 Rxd7 38.Rxd7 Rc8 39.Rd5 Rxc5 40.Rd8+ Kf7 41.Rd7+ Kf8
42.Rd8+ Ke7 43.Ra8 Rc7 44.Kg2 Bd4 45.Kh3 Ra7 46.Rb8 Ke6 47.Re8+ Kd5 48.Re2 Kc4
49.Re8 Kd3 50.Re6 Rf7 51.g4 fxg4+ 52.Kxg4 Be3 53.Rd6+ Ke2 54.f5 Rxf5 55.Rd7 h5+
56.Kh4 Bg5+ 57.Kh3 Rf3+ 58.Kg2 Rf2+ 59.Kh3 Bf4 60.Re7+ Kf3  0-1

[Event "Dake Mem"]
[Site "McMinnville USA"]
[Date "2004.06.06"]
[Round "2"]
[White "Raptis,N"]
[Black "Roper,D"]
[Result "1-0"]
[WhiteElo "2262"]
[BlackElo "2292"]

1.d4 f5 2.g3 Nf6 3.Bg2 g6 4.Nf3 Bg7 5.O-O O-O 6.c4 d6 7.Nc3 c6 8.d5 Bd7 9.Nd4 Qb6
10.e3 Na6 11.b3 Nc5 12.Bb2 a5 13.Rb1 Qa6 14.h3 Rac8 15.Kh2 Nce4 16.Nxe4 Nxe4
17.Ne6 Bxe6 18.Bxg7 Kxg7 19.Bxe4 cxd5 20.Bxd5 Bxd5 21.Qxd5 Qb6 22.Rb2 Rc7
23.e4 Qc5 24.Re2 a4 25.Qxc5 Rxc5 26.exf5 Rcxf5 27.Rxe7+ R8f7 28.Rxf7+ Kxf7
29.bxa4 h5 30.Kg2 Ra5 31.Rb1 Rxa4 32.Rxb7+ Ke6 33.Rb6 Rxc4 34.Ra6 Ke5 35.a4 g5
36.Ra8 d5 37.a5 g4 38.Rh8 gxh3+ 39.Kxh3 Ra4 40.Rxh5+ Ke6 41.a6 d4 42.Kg2 Ra3
43.g4 d3 44.Kf3 Kf6 45.Ke3  1-0

[Event "II Gyorgy Marx Mem IM"]
[Site "Paks HUN"]
[Date "2004.06.11"]
[Round "7"]
[White "Krutti,V"]
[Black "Dabo Peranic,R"]
[Result "1-0"]
[WhiteElo "2377"]
[BlackElo "2320"]

1.d4 f5 2.g3 Nf6 3.Bg2 g6 4.Nf3 Bg7 5.O-O O-O 6.c4 d6 7.Nc3 Qe8 8.b3 c6 9.Bb2 e5
10.dxe5 dxe5 11.e4 f4 12.Qd6 Nbd7 13.Rfe1 fxg3 14.hxg3 Ng4 15.Re2 Rf6 16.Qd2 Bh6
17.Qe1 g5 18.Rd1 Qf7 19.Bh3 Qh5 20.Bxg4 Qxg4 21.Nh2 Qe6 22.Ba3 Bf8 23.Bxf8 Nxf8
24.Rd8 Rh6 25.f3 Qh3 26.Rg2 Kg7 27.Qd2 Rg6 28.Nd1 h5 29.Qb4 Nh7 30.Qe7+ Kh6
31.Nf2 Qe6 32.Nhg4+ hxg4 33.Rh2+  1-0

[Event "8th Open"]
[Site "Voronezh RUS"]
[Date "2004.06.14"]
[Round "3"]
[White "Ulko,J"]
[Black "Lukovnikov,A"]
[Result "1-0"]
[WhiteElo "2472"]
[BlackElo "2348"]

1.Nf3 f5 2.g3 Nf6 3.Bg2 g6 4.d4 Bg7 5.O-O O-O 6.c4 d6 7.b4 c5 8.bxc5 dxc5
9.e3 Ne4 10.Nbd2 Nc6 11.Bb2 Be6 12.Rc1 Na5 13.Nxe4 fxe4 14.Ng5 Bxc4 15.Bxe4 Bxf1
16.Qxf1 e5 17.Ne6 Qb6 18.Rxc5 Qxb2 19.Bd5 Kh8 20.Rxa5 exd4 21.Rb5 Qd2 22.Nxf8 Rxf8
23.e4 Bh6 24.Rxb7 d3 25.Qa1+  1-0

[Event "TCh-CRO"]
[Site "Rabac CRO"]
[Date "2004.06.24"]
[Round "6"]
[White "Doric,N"]
[Black "Bozanic,I"]
[Result "1-0"]
[WhiteElo "2371"]
[BlackElo "2238"]

1.Nf3 f5 2.g3 Nf6 3.Bg2 g6 4.O-O Bg7 5.c4 O-O 6.d4 d6 7.Nc3 Nc6 8.d5 Na5
9.Qa4 c5 10.dxc6 Nxc6 11.Rd1 Qa5 12.Qb3 Qb4 13.Qxb4 Nxb4 14.Nd4 Na6 15.Nd5 Nxd5
16.Bxd5+ Kh8 17.Bg5 Bf6 18.h4 Nc7 19.Rac1 Bxg5 20.hxg5 f4 21.gxf4 Rxf4 22.f3 Bd7
23.e3 Rff8 24.Kf2 Nxd5 25.cxd5 Rac8 26.f4 Rxc1 27.Rxc1 Rc8 28.Rxc8+ Bxc8
29.b4 a6 30.e4 Kg7 31.Kg3 h6 32.gxh6+ Kxh6 33.Kh4 Bd7 34.a3 Ba4 35.Ne6 Bc2
36.Ng5 Kg7 37.Kg3 Kf6 38.Kf3 Ba4 39.Ke3 Bd7 40.Kd4 Bg4 41.a4 Bd7 42.a5 Bg4
43.Kc3 Bd7 44.Kc4 Bb5+ 45.Kd4 Bd7 46.Nf3 Bg4 47.e5+ Kf7 48.Ng5+ Ke8 49.Ne4 Bf3
50.Nd2 Be2 51.Nb1 Kd7 52.Nc3 Bf1 53.Ne4 Bg2 54.Ng5 Bf1 55.Ne6 Ke8 56.Nc7+ Kd7
57.Na8 Bb5 58.Ke4 Bf1 59.Kf3 Bh3 60.Kg3 Bf5 61.Nb6+ Kc7 62.Kh4 e6 63.Kg5 dxe5
64.fxe5 exd5 65.Nxd5+ Kd7 66.Kf6 Bh3 67.Nf4 Bf5 68.Ne2 Bc2 69.Nd4 Bd3 70.e6+ Kd6
71.e7 Kd7 72.Kf7  1-0

[Event "TCh-CRO"]
[Site "Rabac CRO"]
[Date "2004.06.24"]
[Round "6"]
[White "Vucic,M"]
[Black "Dabo Peranic,R"]
[Result "0-1"]
[WhiteElo "2413"]
[BlackElo "2320"]

1.d4 f5 2.Nf3 Nf6 3.g3 g6 4.Bg2 Bg7 5.O-O O-O 6.c4 d6 7.Nc3 Qe8 8.d5 a5 9.Nd4 Na6
10.Rb1 Bd7 11.b3 Nc5 12.a3 Qf7 13.Nf3 h6 14.Be3 b6 15.Bd4 g5 16.b4 axb4 17.axb4 Nce4
18.Nxe4 Nxe4 19.Qd3 Ra2 20.Ra1 Rfa8 21.Rxa2 Rxa2 22.Rd1 e5 23.Ra1 Rxa1+ 24.Bxa1 Qe8
25.Qa3 Ba4 26.Ne1 b5 27.Bxe4 fxe4 28.c5 Qf7 29.Qa2 c6 30.cxd6 cxd5 31.f3 exf3
32.Nxf3 d4 33.Qxf7+ Kxf7 34.e3 Bd1 35.Kf2 dxe3+ 36.Kxe3 Bxf3 37.Kxf3 e4+
38.Kxe4 Bxa1 39.Kd5 Bc3 40.d7 Ke7 41.Kc6 Bxb4 42.Kxb5 Kxd7 43.Kxb4 Ke6 44.Kc3 Kf5
45.h3 Ke4 46.h4 g4 47.h5 Kf3  0-1

[Event "2nd Infineon FM"]
[Site "Budapest HUN"]
[Date "2004.07.01"]
[Round "7"]
[White "Graf,F"]
[Black "Torma,R"]
[Result "0-1"]
[WhiteElo "2056"]
[BlackElo "2181"]

1.d4 f5 2.c4 Nf6 3.Nf3 g6 4.g3 Bg7 5.Bg2 O-O 6.O-O d6 7.Nc3 Qe8 8.d5 Na6
9.Rb1 Bd7 10.b4 c6 11.dxc6 bxc6 12.a3 Nc7 13.Bb2 Ne6 14.Qc2 f4 15.Rbd1 g5
16.gxf4 Nxf4 17.Ne4 Qh5 18.Ng3 Qg4 19.Bc1 Nxg2 20.Kxg2 Qh3+ 21.Kg1 Ng4 22.Rfe1 Bc3
23.Bxg5 Bxe1 24.Rxe1 Nxh2 25.Qe4 Ng4 26.Be3 Rf7 27.b5 Raf8 28.bxc6 Bxc6 29.Qxc6 Rxf3
30.Qxf3 Rxf3 31.exf3 Ne5  0-1

[Event "Glassy Stream Open"]
[Site "Kharkov UKR"]
[Date "2004.07.17"]
[Round "9"]
[White "Truskavetsky,A"]
[Black "Kozlov,Y"]
[Result "0-1"]
[WhiteElo "2387"]
[BlackElo "2292"]

1.d4 f5 2.g3 Nf6 3.Bg2 g6 4.Nf3 Bg7 5.O-O O-O 6.c4 d6 7.Nc3 Qe8 8.d5 c5 9.Qc2 Na6
10.a3 Nc7 11.b3 b5 12.Rb1 Rb8 13.Bb2 h6 14.Rfe1 Qf7 15.Nd2 g5 16.cxb5 f4
17.e3 fxg3 18.fxg3 Ng4 19.Rf1 Bf5 20.e4 Bd4+ 21.Kh1 Qh5 22.Nf3 Ne3 23.Qd3 Bh3
24.Nxd4 Bxg2+ 25.Kg1 Nxf1  0-1

[Event "ACT Open"]
[Site "Amsterdam NED"]
[Date "2004.07.20"]
[Round "4"]
[White "D'Costa,L"]
[Black "Van der Elburg,F"]
[Result "1/2-1/2"]
[WhiteElo "2354"]
[BlackElo "2223"]

1.d4 f5 2.g3 Nf6 3.Bg2 g6 4.Nf3 Bg7 5.O-O O-O 6.c4 d6 7.Nc3 c6 8.d5 e5 9.dxe6 Bxe6
10.b3 Na6 11.Ng5 Qe7 12.Nxe6 Qxe6 13.Bb2 Rad8 14.Qc2 Nc5 15.Rad1 Ng4 16.b4 Nd7
17.b5 Nb6 18.bxc6 bxc6 19.Bxc6 Qxc4 20.Bb5 Qf7 21.Qd2 Ne5 22.Ba1 Nec4 23.Qf4 Be5
24.Qf3 Rc8 25.a4 a5 26.Qd3 Rc5 27.f4 Bg7 28.e4 Rfc8 29.exf5 Qxf5 30.Ne4 Rd5
31.Qe2 Bxa1 32.Rxa1 Rd4 33.Rfe1 d5 34.Ng5 h6 35.Nf3 Re4 36.Qf2 Qf6 37.Rac1 Rd8
38.Rxe4 dxe4 39.Rxc4 Rd1+ 40.Ne1 Nxc4 41.Bxc4+ Kh8 42.Bb3 Rc1 43.Qd2 Qb6+
44.Kg2 Rb1 45.Qc3+ Kh7 46.Bc2 Rc1 47.Qd2 Qb2 48.Kf1 h5 49.Ke2 Ra1 50.Bxe4 Qxd2+
51.Kxd2 Rxa4 52.Bc2 Ra1 53.Nf3 a4 54.Ng5+ Kh6 55.Kc3 a3 56.Be4 h4 57.gxh4 Rf1
58.Kb3 Rxf4 59.Bd5 Rxh4 60.Nf3 Rh3 61.Kxa3 g5 62.Kb4 g4 63.Ne5 Kg5  1/2-1/2

[Event "XIII Open"]
[Site "Castellar del Valles ESP"]
[Date "2004.07.20"]
[Round "7"]
[White "Jerez Perez,A"]
[Black "Alonso Moyano,J"]
[Result "1/2-1/2"]
[WhiteElo "2416"]
[BlackElo "2269"]

1.d4 f5 2.Nf3 Nf6 3.g3 g6 4.Bg2 Bg7 5.c4 O-O 6.O-O d6 7.Nc3 Nc6 8.d5 Ne5
9.Qb3 Nxf3+ 10.Bxf3 Nd7 11.Bg2 e5 12.dxe6 Nc5 13.Qc2 Bxe6 14.b3 c6 15.Be3 Qe7
16.Rad1 Rad8 17.Bd4 f4 18.Bxg7 Kxg7 19.Ne4 fxg3 20.hxg3 Bg4 21.Rd2 Nxe4 22.Qxe4 Qxe4
23.Bxe4 Rfe8 24.f3 Bf5 25.Bb1 Rd7 26.e4 Be6 27.Re1 a6 28.f4 b5 29.cxb5 axb5
30.Rc1 c5 31.Bd3 c4 32.bxc4 bxc4 33.Bf1 d5 34.exd5 Rxd5 35.Rdc2 Rc5 36.Kf2 Ra8
37.Bxc4 Bxc4  1/2-1/2

[Event "Open"]
[Site "Balatonlelle HUN"]
[Date "2004.07.21"]
[Round "3"]
[White "Fodor,I2"]
[Black "Racz,Z"]
[Result "1/2-1/2"]
[WhiteElo "2129"]
[BlackElo "2252"]

1.d4 f5 2.g3 Nf6 3.Bg2 g6 4.Nf3 Bg7 5.O-O O-O 6.c4 d6 7.Nc3 c6 8.b3 Ne4 9.Bb2 Nxc3
10.Bxc3 c5 11.Qd2 Nc6 12.Rad1 Rb8 13.dxc5 dxc5 14.Bxg7 Qxd2 15.Nxd2 Kxg7
16.Bxc6 bxc6 17.f4 a5 18.Nf3 a4 19.Rd3 Be6 20.Rfd1 Rb6 21.Re3 Kf6 22.Rxe6+ Kxe6
23.Ng5+ Kf6 24.Nxh7+ Kf7 25.Nxf8 Kxf8 26.Rd3 axb3 27.axb3 Kf7 28.Kf2 Rb8
29.Re3 e6 30.Kg2 Ke7 31.Rd3 Ra8 32.h3 Ra2 33.Kf2 Rb2 34.g4 Rb1 35.gxf5 exf5
36.Rg3 Kf7 37.Re3 Kf6 38.Re5 Rxb3 39.Rxc5 Rb6 40.Ke3 Ra6 41.h4 Ke6 42.Re5+ Kf6
43.Kd4 Ra8 44.e3 Rh8 45.Kc5 Rxh4 46.Re8 g5 47.fxg5+ Kxg5 48.Kxc6  1/2-1/2

[Event "Open"]
[Site "Balatonlelle HUN"]
[Date "2004.07.21"]
[Round "3"]
[White "Liptay,L"]
[Black "Hering,S"]
[Result "1-0"]
[WhiteElo "2372"]
[BlackElo "2094"]

1.d4 f5 2.Nf3 Nf6 3.g3 g6 4.Bg2 Bg7 5.O-O O-O 6.c4 d6 7.Nc3 Qe8 8.d5 a5 9.Nd4 c5
10.Ne6 Bxe6 11.dxe6 Nc6 12.Nd5 Rb8 13.Bd2 Nh5 14.Nb6 Nf6 15.Bc3 Qd8 16.Qb3 Re8
17.Rad1 Qc7 18.Qb5 Kh8 19.a3 h6 20.Bxa5 Nxa5 21.Qxa5 Ng4 22.Qb5 Ne5 23.b4 Nc6
24.Nd5 Qc8 25.e3 Bb2 26.bxc5 Bxa3 27.cxd6 exd6 28.Ra1 Bc5 29.Qb2+ Ne5 30.f4  1-0

[Event "Open"]
[Site "Balatonlelle HUN"]
[Date "2004.07.22"]
[Round "4"]
[White "Szabo,Zso2"]
[Black "Kun,G"]
[Result "1-0"]
[WhiteElo "2437"]
[BlackElo "2354"]

1.d4 f5 2.Nf3 Nf6 3.g3 g6 4.Bg2 Bg7 5.O-O O-O 6.c4 d6 7.Nc3 Nc6 8.d5 Na5
9.Nd2 c5 10.Qc2 a6 11.b3 Bd7 12.a4 Rb8 13.Bb2 e5 14.dxe6 Bxe6 15.Rad1 Qb6
16.Rfe1 Nc6 17.e3 Rbd8 18.Nf3 Na5 19.Ng5 Bf7 20.Nxf7 Rxf7 21.Nd5 Qxb3 22.Qxb3 Nxb3
23.Nxf6+ Bxf6 24.Rb1 Na5 25.Bd5 Kf8 26.Bxf7 Kxf7 27.Bxf6 Kxf6 28.e4 Nxc4
29.Rxb7 Ne5 30.Rd1 fxe4 31.Rb6 Nd3 32.f3 Ke5 33.fxe4 Kxe4 34.Rxa6 c4 35.Rc6 Kd5
36.Rc7 Kd4 37.a5 Ra8 38.Ra1 Ra6 39.Kf1 d5 40.Ke2 Rf6 41.Ra3 Nc5 42.Rxh7 Re6+
43.Kd1 c3 44.Rc7 Ne4 45.a6 Kd3 46.Rf7 Re8 47.a7 Ra8 48.Rd7 d4 49.Ra4 Ke3
50.Rdxd4 Nf2+ 51.Kc2 Rxa7 52.Rxa7 Kxd4 53.Rg7 Ng4 54.h3 Ne5 55.Re7 Nc4 56.Rd7+ Ke4
57.Kxc3 Ne3 58.Rf7 Nf5 59.g4 Nh4 60.Kd2 Ng2 61.Ke2 Nf4+ 62.Kf2 Nxh3+ 63.Kg3 Ng5
64.Rf6 Ke5 65.Rxg6 Ne4+ 66.Kh4 Nf2 67.Rg8 Ke6 68.Rf8 Nd3 69.g5 Ke7 70.Rf1 Ne5
71.Kh5  1-0